| 000 | 01103nam a22002897i 4500 | ||
|---|---|---|---|
| 003 | DO-SdBNP | ||
| 005 | 20231229082635.0 | ||
| 006 | a||||gr|||| 00| 0 | ||
| 007 | ta | ||
| 008 | 220915e1944 ||| |||e o||| 00| 0 spa d | ||
| 040 |
_aDO-SdBNP _bspa _cBNPHU _erda |
||
| 082 | 4 |
_222 _a972.9373 _bA989b |
|
| 110 | 1 |
_aRepública Dominicana _b Ayuntamiento de la Común de Baní _982373 |
|
| 240 | _a[leyes etc.] | ||
| 245 | 1 | 0 |
_aBaní : _bdocumentos relativos a la celebración del 177o. aniversario de su fundación. |
| 264 | 1 |
_aCiudad Trujillo, República Dominicana : _bPol Hermanos, _c1944. |
|
| 300 |
_a44 páginas ; _c22 cm |
||
| 336 |
_2rdacontent _atexto _btxt |
||
| 337 |
_2rdamedia _asin mediación _bn |
||
| 338 |
_2rdacarrier _avolumen _bnc |
||
| 500 | _aIncluye bibliografía y notas al pie de páginas. | ||
| 590 | _aInventariado, 2023 / MF | ||
| 610 | 4 |
_959020 _aAyuntamiento de Baní _zRepública Dominicana |
|
| 650 | 4 |
_aBaní _vHistorIa _xFestejos _y1941 _zRepública Dominicana _982374 |
|
| 650 | 4 |
_911819 _aBaní _xVida social y costumbres _y1941 _zRepública Dominicano |
|
| 942 |
_2ddc _cLF2 |
||
| 999 |
_c52402 _d52402 |
||